Statystyki dla Wszystkie uniwersum z gier seri Far Cry

Kliknij tutaj aby rozwiązać quiz!

Ogólne statystyki

  • Ten quiz został rozwiązany 9 razy
  • Średni wynik to 2 z 7

Statystyki odpowiedzi

CzęśćNazwa świata% Poprawnych
Far Cry 4Kyrat
88%
Far Cry 5Hrabstwo Hope
25%
Far Cry: PrimalOros
25%
Far Cry 2Czarna Afryka
13%
Far Cry 1Mikronezja
13%
Far Cry 3Wyspy Rook
13%
Far Cry: New DawnPostapokaliptyczne hrabstwo Hope
0%

Rozkład punktacji

Percentyl według liczby udzielonych odpowiedzi

Procent ludzi z każdym wynikiem

Twoja historia wyników

Nie rozwiązałeś tego quizu